Noticia sobre el cólera-morbo : (Record no. 163799)

MARC details
000 -LEADER
campo de control de longitud fija 00790nam a22001695i 4500
001 - NÚMERO DE CONTROL
campo de control 163799
003 - IDENTIFICADOR DE NÚMERO DE CONTROL
campo de control ES-MaACL
005 - FECHA Y HORA DE LA ÚLTIMA TRANSACCIÓN
campo de control 20230906212820.0
008 - DATOS DE LONGITUD FIJA--INFORMACIÓN GENERAL
campo de control de longitud fija 050719s1833 sp | |||||||| ||spa d
080 ## - NÚMERO DE LA CLASIFICACIÓN DECIMAL UNIVERSAL
Número de la Clasificación Decimal Universal 616.932-084
100 1# - ENTRADA PRINCIPAL--NOMBRE DE PERSONA
Nombre de persona Rodríguez Nilo, José Román.
9 (RLIN) 131950
245 10 - MENCIÓN DEL TÍTULO
Título Noticia sobre el cólera-morbo :
Resto del título sus medios preservativos, primeros socorros y curación que conviene a los invadidos por él, publicada en Lisboa en junio de este año /
Mención de responsabilidad, etc. por José Román Rodríguez Nilo ; traducida por F.S.C.
260 ## - PUBLICACIÓN, DISTRIBUCIÓN, ETC.
Lugar de publicación, distribución, etc. Sevilla :
Nombre del editor, distribuidor, etc. [s.n.],
Fecha de publicación, distribución, etc. 1833 (
Fabricante Imp. del Diario de Comercio, calle de la Muela)
300 ## - DESCRIPCIÓN FÍSICA
Extensión 30 p. ;
Dimensiones 20 cm.
650 #4 - PUNTO DE ACCESO ADICIONAL DE MATERIA--TÉRMINO DE MATERIA
Término de materia o nombre geográfico como elemento de entrada Cólera-
Subdivisión general Prevención.
9 (RLIN) 139264
852 4# - LOCALIZACIÓN
Ubicación ES-MaACL
Número de control de estantería T-131-F-5
Nota libre - Enc. hol., falto de cub. original
-- - Enc. en un vol. facticio
Holdings
Estatus retirado Estado de pérdida Estado de daño No para préstamo Colección Biblioteca de origen Biblioteca actual Ubicación en estantería Fecha de adquisición Total de préstamos Signatura topográfica completa Código de barras Visto por última vez Precio de reemplazo Tipo de ítem Koha
        Colección de folletos Biblioteca del Ateneo de Madrid Biblioteca del Ateneo de Madrid Depósito folletos 17/01/2008   T-131-F-5 1171660 23/02/2023 23/02/2023 Folleto